[Event "Porto Alegre op"]
[Site "Porto Alegre"]
[Date "2023.05.07"]
[Round "7"]
[White "Calsing, Ado"]
[Black "Oliveira, Danyel Angelo Aquin"]
[Result "1/2-1/2"]
[WhiteElo "1899"]
[BlackElo "1956"]
[PlyCount "37"]
[EventDate "2023.05.05"]
[EventType "swiss"]
[EventRounds "7"]
[EventCountry "BRA"]
[SourceTitle "CBM 214 Extra"]
[Source "ChessBase"]
[SourceDate "2023.07.31"]
[SourceVersion "1"]
[SourceVersionDate "2023.07.31"]
[SourceQuality "1"]

1. d4 Nf6 2. c4 e6 3. Nf3 c5 4. d5 b5 5. dxe6 fxe6 6. cxb5 d5 7. g3 Be7 8. Bh3 Qa5+ 9. Nc3 d4 10. Nxd4 cxd4 11. Qxd4 e5 12. Qh4 Bb7 13. 0-0 0-0 14. Bf5 Qd8 15. Rd1 Qe8 16. Bg5 g6 17. Be6+ Kh8 18. Rac1 a6 19. a4 1/2-1/2

[Event "Porto Alegre op"]
[Site "Porto Alegre"]
[Date "2023.05.07"]
[Round "5"]
[White "Pimenta, Elisandro da Silva"]
[Black "Oliveira, Danyel Angelo Aquin"]
[Result "0-1"]
[WhiteElo "1843"]
[BlackElo "1956"]
[PlyCount "80"]
[EventDate "2023.05.05"]
[EventType "swiss"]
[EventRounds "7"]
[EventCountry "BRA"]
[SourceTitle "CBM 214 Extra"]
[Source "ChessBase"]
[SourceDate "2023.07.31"]
[SourceVersion "1"]
[SourceVersionDate "2023.07.31"]
[SourceQuality "1"]

1. e4 Nf6 2. d3 d5 3. e5 Nfd7 4. d4 e6 5. Nf3 c5 6. c3 Nc6 7. Bd3 Qb6 8. Bc2 Be7 9. 0-0 0-0 10. Qd3 f5 11. exf6 Nxf6 12. dxc5 Bxc5 13. b4 Bd6 14. Ng5 Ne5 15. Qh3 h6 16. Be3 Qa6 17. Nf3 Neg4 18. Nbd2 e5 19. Qh4 e4 20. Nd4 Bxh2+ 21. Kh1 Bc7 22. Bb3 Bd7 23. g3 Qd6 24. Bf4 Ne5 25. Be3 Kh7 26. Kg2 Ng6 27. Qh1 Ng4 28. Rae1 Rf6 29. Bc2 Raf8 30. Ne2 b6 31. Bd4 Rf3 32. Nxf3 exf3+ 33. Kg1 fxe2 34. Rxe2 Bb5 35. Rfe1 Bxe2 36. Rxe2 Nf6 37. Qh3 Ne4 38. Kg2 Kg8 39. Qg4 Rf7 40. Re3 Rxf2+ 0-1

[Event "Florianopolis op 9th"]
[Site "Florianopolis"]
[Date "2023.01.26"]
[Round "5"]
[White "Labussiere, Yago"]
[Black "Oliveira, Danyel Angelo Aquin"]
[Result "1-0"]
[WhiteElo "2227"]
[BlackElo "1954"]
[PlyCount "69"]
[EventDate "2023.01.23"]
[EventType "swiss"]
[EventRounds "10"]
[EventCountry "BRA"]
[SourceTitle "CBM 212 Extra"]
[Source "ChessBase"]
[SourceDate "2023.03.31"]
[SourceVersion "1"]
[SourceVersionDate "2023.03.31"]
[SourceQuality "1"]

1. c4 c5 2. Nc3 Nf6 3. e4 Nc6 4. g3 g6 5. Bg2 Bg7 6. Nge2 d6 7. 0-0 0-0 8. d3 Bd7 9. h3 Ne8 10. Be3 Nc7 11. d4 cxd4 12. Nxd4 Nxd4 13. Bxd4 Bxd4 14. Qxd4 Ne6 15. Qe3 a6 16. f4 Rc8 17. b3 Bc6 18. f5 Nc5 19. Kh2 Nd7 20. a4 a5 21. Rad1 Qb6 22. Qxb6 Nxb6 23. f6 Nd7 24. fxe7 Rfe8 25. Rxd6 Rxe7 26. Nd5 Bxd5 27. exd5 Nc5 28. Rb6 Re3 29. d6 Rxb3 30. Rxb3 Nxb3 31. Bd5 b6 32. Rxf7 Kh8 33. d7 Rd8 34. Re7 Nc5 35. Re8+ 1-0

[Event "Florianopolis op 9th"]
[Site "Florianopolis"]
[Date "2023.01.24"]
[Round "3"]
[White "Melian, Juan Sebastian"]
[Black "Oliveira, Danyel Angelo Aquin"]
[Result "1-0"]
[WhiteElo "2197"]
[BlackElo "1954"]
[PlyCount "121"]
[EventDate "2023.01.23"]
[EventType "swiss"]
[EventRounds "10"]
[EventCountry "BRA"]
[SourceTitle "CBM 212 Extra"]
[Source "ChessBase"]
[SourceDate "2023.03.31"]
[SourceVersion "1"]
[SourceVersionDate "2023.03.31"]
[SourceQuality "1"]

1. d4 Nf6 2. c4 g6 3. Nc3 Bg7 4. e4 d6 5. f3 0-0 6. Be3 e5 7. Nge2 exd4 8. Nxd4 Re8 9. Be2 Na6 10. 0-0 c6 11. Nc2 d5 12. cxd5 cxd5 13. exd5 Bf5 14. Bf2 Bxc2 15. Qxc2 Nb4 16. Qb3 Nbxd5 17. Bc4 Nxc3 18. Bxf7+ Kh8 19. bxc3 Re7 20. Rfe1 b6 21. Rxe7 Qxe7 22. Re1 Qc7 23. Bd4 Rf8 24. Bc4 Rc8 25. Ba6 Rf8 26. Qe6 Qb8 27. Qe5 Qd8 28. Qe7 Qb8 29. Qb7 Qxb7 30. Bxb7 Rf7 31. Bd5 Rd7 32. Bb3 h6 33. Re6 Ng8 34. Re8 Bxd4+ 35. cxd4 Rg7 36. Kf2 Kh7 37. Rxg8 Rxg8 38. Bxg8+ Kxg8 39. f4 h5 40. g3 Kf7 41. Ke3 Ke6 42. h3 b5 43. g4 hxg4 44. hxg4 a5 45. Kd3 Kd5 46. f5 gxf5 47. gxf5 Kd6 48. Ke4 a4 49. Kd3 Ke7 50. Kc3 Kf6 51. Kb4 Kxf5 52. Kxb5 a3 53. d5 Ke5 54. Kc6 Kd4 55. d6 Kc3 56. d7 Kb2 57. d8Q Kxa2 58. Kb5 Kb2 59. Qd2+ Kb1 60. Qb4+ Ka2 61. Kc4 1-0

[Event "Florianopolis op 9th"]
[Site "Florianopolis"]
[Date "2023.01.23"]
[Round "1"]
[White "Silva, Henrique Brasil Bar"]
[Black "Oliveira, Danyel Angelo Aquin"]
[Result "0-1"]
[WhiteElo "1325"]
[BlackElo "1954"]
[PlyCount "52"]
[EventDate "2023.01.23"]
[EventType "swiss"]
[EventRounds "10"]
[EventCountry "BRA"]
[SourceTitle "CBM 212 Extra"]
[Source "ChessBase"]
[SourceDate "2023.03.31"]
[SourceVersion "1"]
[SourceVersionDate "2023.03.31"]
[SourceQuality "1"]

1. e4 c5 2. c3 Nf6 3. e5 Nd5 4. d4 cxd4 5. Nf3 Nc6 6. cxd4 d6 7. Bc4 dxe5 8. Nxe5 Be6 9. Nxc6 bxc6 10. Be2 g6 11. Nc3 Bg7 12. Nxd5 Bxd5 13. Bf3 0-0 14. 0-0 Rb8 15. Re1 e6 16. b3 Bxf3 17. Qxf3 Bxd4 18. Rd1 Qb6 19. Rb1 Rfd8 20. Rxd4 Qxd4 21. Bb2 Qd3 22. Qxd3 Rxd3 23. Kf1 Rbd8 24. Ke1 R3d5 25. Bf6 R8d7 26. Rb2 Rf5 0-1

[Event "Porto Alegre Trois Cup"]
[Site "Porto Alegre"]
[Date "2022.08.21"]
[Round "5"]
[White "Oliveira, Danyel Angelo Aquin"]
[Black "Muller, Pedro Mezacasa"]
[Result "0-1"]
[WhiteElo "1984"]
[BlackElo "1849"]
[PlyCount "80"]
[EventDate "2022.08.19"]
[EventType "swiss"]
[EventRounds "5"]
[EventCountry "BRA"]
[SourceTitle "CBM 210 Extra"]
[Source "ChessBase"]
[SourceDate "2022.11.30"]
[SourceVersion "1"]
[SourceVersionDate "2022.11.30"]
[SourceQuality "1"]

1. d4 d5 2. c4 c6 3. Nc3 Nf6 4. Nf3 dxc4 5. a4 Bf5 6. e3 e6 7. Bxc4 Bb4 8. 0-0 0-0 9. Qe2 Bg6 10. Ne5 Nbd7 11. Nxg6 hxg6 12. Rd1 Qa5 13. e4 e5 14. d5 Rac8 15. dxc6 Nb6 16. Bb3 Rxc6 17. Nd5 Nbxd5 18. Bxd5 Rc7 19. Bb3 Rfc8 20. Bg5 Bc5 21. Bxf6 gxf6 22. Rd3 Bd4 23. h4 Kg7 24. Rad1 Qb6 25. R1d2 Rc1+ 26. Kh2 Rb1 27. Rh3 Rcc1 28. Rhd3 Rf1 29. Kg3 Bxf2+ 30. Qxf2 Rxf2 31. Rxf2 Qb4 32. Rdf3 f5 33. exf5 gxf5 34. Bc2 f4+ 35. Kg4 Rxb2 36. Kf5 Qc4 37. Bd3 Qe6+ 38. Kg5 f6+ 39. Kh5 Rxf2 40. Rxf2 e4 0-1

[Event "Porto Alegre Regional Sul"]
[Site "Porto Alegre"]
[Date "2019.12.14"]
[Round "2"]
[White "Oliveira, Danyel Angelo Aquin"]
[Black "Perondi, Rodolfo Antonio"]
[Result "0-1"]
[WhiteElo "1959"]
[BlackElo "1866"]
[PlyCount "52"]
[EventDate "2019.12.13"]
[EventType "swiss"]
[EventRounds "5"]
[EventCountry "BRA"]
[SourceTitle "EXT 2021"]
[Source "ChessBase"]
[SourceDate "2020.10.23"]
[SourceVersion "1"]
[SourceVersionDate "2020.10.23"]
[SourceQuality "1"]

1. Nf3 Nf6 2. c4 c6 3. Nc3 d5 4. cxd5 cxd5 5. d4 Nc6 6. Qb3 Na5 7. Qc2 g6 8. Bf4 a6 9. e3 Bf5 10. Bd3 Bxd3 11. Qxd3 Bg7 12. h3 Nc4 13. b3 Nd6 14. 0-0 0-0 15. Ne5 Nde4 16. Rfc1 Rc8 17. Ne2 Qa5 18. f3 Nd6 19. Nc3 Rfd8 20. Na4 Nh5 21. Bh2 Rxc1+ 22. Rxc1 Rc8 23. Rxc8+ Nxc8 24. Kf2 Nd6 25. g4 Nf6 26. Qc3 Nde4+ 0-1

[Event "BRA-ch U20"]
[Site "Concordia"]
[Date "2019.08.03"]
[Round "4"]
[White "Oliveira, Danyel Angelo Aquin"]
[Black "Soares, Joao Carlos TC"]
[Result "1/2-1/2"]
[WhiteElo "1969"]
[BlackElo "2092"]
[PlyCount "140"]
[EventDate "2019.08.01"]
[EventType "swiss"]
[EventRounds "7"]
[EventCountry "BRA"]
[SourceTitle "EXT 2020"]
[Source "ChessBase"]
[SourceDate "2019.10.17"]
[SourceVersion "1"]
[SourceVersionDate "2019.10.17"]
[SourceQuality "1"]

1. e4 c5 2. Nf3 e6 3. d4 cxd4 4. Nxd4 Nc6 5. Nb5 d6 6. Bf4 e5 7. Be3 a6 8. N5c3 Nf6 9. Be2 Be7 10. 0-0 0-0 11. f4 exf4 12. Rxf4 Be6 13. Nd5 Bxd5 14. exd5 Ne5 15. c4 Nfd7 16. Rf1 Bg5 17. Bd4 a5 18. Nc3 f5 19. Qc2 g6 20. Nb5 Ra6 21. b3 Bf6 22. Qb2 Nc5 23. Rad1 Re8 24. Rfe1 Ne4 25. a3 Ra8 26. b4 axb4 27. axb4 b6 28. Ra1 Qe7 29. Ra2 Qg7 30. Rea1 Rxa2 31. Rxa2 Rc8 32. Ra7 Qh6 33. Nc7 Qh4 34. g3 Nxg3 35. hxg3 Qxg3+ 36. Kf1 Nf3 37. Bxf3 Qxf3+ 38. Qf2 Qd1+ 39. Qe1 Qxe1+ 40. Kxe1 Bxd4 41. Nb5 Be5 42. Nc7 Bc3+ 43. Ke2 Bxb4 44. Ne6 Bc3 45. Kd3 Be5 46. Ng5 Rf8 47. Ne6 Rb8 48. Ng5 Bf4 49. Nxh7 Be5 50. Ng5 b5 51. Nf7 bxc4+ 52. Kxc4 Rc8+ 53. Kd3 Bf4 54. Rd7 Rc5 55. Kd4 Rc1 56. Nxd6 Rd1+ 57. Kc5 Be3+ 58. Kc6 Rc1+ 59. Kb7 f4 60. Ne4 Bd4 61. Ng5 Bf6 62. Ne4 Bh4 63. d6 f3 64. Rc7 Re1 65. Rc4 g5 66. d7 g4 67. Nf2 Kf7 68. Rxg4 Be7 69. Rf4+ Ke6 70. Rxf3 Kxd7 1/2-1/2

[Event "BRA-ch U20"]
[Site "Concordia"]
[Date "2019.08.01"]
[Round "1"]
[White "Lopes, Leonardo Borges"]
[Black "Oliveira, Danyel Angelo Aquin"]
[Result "0-1"]
[WhiteElo "1425"]
[BlackElo "1969"]
[PlyCount "92"]
[EventDate "2019.08.01"]
[EventType "swiss"]
[EventRounds "7"]
[EventCountry "BRA"]
[SourceTitle "EXT 2020"]
[Source "ChessBase"]
[SourceDate "2019.10.17"]
[SourceVersion "1"]
[SourceVersionDate "2019.10.17"]
[SourceQuality "1"]

1. c4 Nf6 2. Nc3 c5 3. g3 d5 4. cxd5 Nxd5 5. Bg2 Nc7 6. Nf3 Nc6 7. 0-0 e5 8. b3 Be7 9. Bb2 0-0 10. Rc1 f6 11. d3 Be6 12. Qd2 Qd7 13. Rfd1 Rfd8 14. e3 Bg4 15. Ne4 b6 16. d4 f5 17. Nc3 e4 18. Ne1 Bxd1 19. Rxd1 cxd4 20. exd4 Nxd4 21. Nxe4 Ne2+ 22. Kf1 Qb5 23. Qxe2 Rxd1 24. Nc3 Qxe2+ 25. Kxe2 Rdd8 26. Bxa8 Rxa8 27. Nd3 Bf6 28. Kd2 Rd8 29. Kc2 Kf7 30. Bc1 Rc8 31. Kd2 g6 32. Ne2 Nd5 33. Bb2 Bxb2 34. Nxb2 Nb4 35. Nc4 Rd8+ 36. Ke3 Nxa2 37. Ne5+ Kf6 38. Nc6 Rd7 39. b4 Rc7 40. b5 a6 41. Kd2 axb5 42. Ned4 b4 43. Kc2 Nc3 44. Kb3 Ne2 45. Nxe2 Rxc6 46. f4 Rd6 0-1

[Event "BRA-ch Amateur U2000"]
[Site "Sao Paulo"]
[Date "2019.06.21"]
[Round "3"]
[White "Gambale, Eduardo de Aquino"]
[Black "Oliveira, Danyel Angelo Aquin"]
[Result "1-0"]
[WhiteElo "1980"]
[BlackElo "1876"]
[PlyCount "33"]
[EventDate "2019.06.20"]
[EventType "swiss"]
[EventRounds "7"]
[EventCountry "BRA"]
[SourceTitle "EXT 2020"]
[Source "ChessBase"]
[SourceDate "2019.10.17"]
[SourceVersion "1"]
[SourceVersionDate "2019.10.17"]
[SourceQuality "1"]

1. e4 c5 2. Nf3 d6 3. d4 cxd4 4. Nxd4 Nf6 5. Nc3 a6 6. Bg5 e6 7. f4 b5 8. e5 dxe5 9. fxe5 Qc7 10. exf6 Qe5+ 11. Be2 Qxg5 12. 0-0 gxf6 13. Ne4 Qe3+ 14. Kh1 Nd7 15. Bf3 Rb8 16. Nc6 Rb6 17. Nxf6+ 1-0

[Event "BRA-ch U20"]
[Site "Sao Paulo"]
[Date "2018.06.30"]
[Round "4"]
[White "Takano, Nicholas Ryo"]
[Black "Oliveira, Danyel Angelo Aquin"]
[Result "0-1"]
[WhiteElo "1976"]
[BlackElo "1793"]
[PlyCount "92"]
[EventDate "2018.06.28"]
[EventType "swiss"]
[EventRounds "6"]
[EventCountry "BRA"]
[SourceTitle "EXT 2019"]
[Source "ChessBase"]
[SourceDate "2018.10.10"]
[SourceVersion "1"]
[SourceVersionDate "2018.10.10"]
[SourceQuality "1"]

1. e4 c5 2. Nf3 d6 3. d4 cxd4 4. Nxd4 Nf6 5. Nc3 a6 6. Be3 e5 7. Nb3 Be6 8. f3 Be7 9. Qd2 h5 10. 0-0-0 Nbd7 11. Kb1 b5 12. Nd5 Bxd5 13. exd5 Nb6 14. Bxb6 Qxb6 15. Na5 Rc8 16. Nc6 Nxd5 17. Nxe7 Nxe7 18. Qxd6 Qxd6 19. Rxd6 Rc6 20. Rxc6 Nxc6 21. c4 Nd4 22. cxb5 axb5 23. Bd3 Kd7 24. Kc1 f5 25. Kd2 Kd6 26. Rc1 Ra8 27. Bb1 h4 28. Ke3 g5 29. a3 h3 30. Rg1 hxg2 31. Rxg2 Rh8 32. b4 Rh3 33. Rxg5 Rxf3+ 34. Kd2 Rxa3 35. Rh5 e4 36. Rh8 e3+ 37. Kc1 Rc3+ 38. Kb2 Rb3+ 39. Kc1 Rxb1+ 40. Kxb1 e2 41. Re8 Ne6 42. Rc8 e1Q+ 43. Rc1 Qxb4+ 44. Ka2 Qd2+ 45. Kb1 b4 46. h4 b3 0-1

[Event "BRA-ch U20"]
[Site "Sao Paulo"]
[Date "2018.06.28"]
[Round "1"]
[White "Oliveira, Danyel Angelo Aquin"]
[Black "De Borba, Guilherme"]
[Result "0-1"]
[WhiteElo "1793"]
[BlackElo "2284"]
[PlyCount "96"]
[EventDate "2018.06.28"]
[EventType "swiss"]
[EventRounds "6"]
[EventCountry "BRA"]
[SourceTitle "EXT 2019"]
[Source "ChessBase"]
[SourceDate "2018.10.10"]
[SourceVersion "1"]
[SourceVersionDate "2018.10.10"]
[SourceQuality "1"]

1. e4 d5 2. exd5 Qxd5 3. Nc3 Qa5 4. d4 Nf6 5. Bc4 c6 6. Nf3 Bf5 7. Bd2 e6 8. h3 Bb4 9. a3 Bxc3 10. Bxc3 Qc7 11. Ne5 0-0 12. Qe2 Nbd7 13. 0-0 Nb6 14. Bd3 Bxd3 15. Nxd3 Rad8 16. Rfe1 Nbd5 17. Bd2 b5 18. Bg5 h6 19. Bxf6 Nxf6 20. c3 a5 21. Qe5 Qb6 22. Rad1 Rd5 23. Qg3 Rfd8 24. Re5 Rxe5 25. dxe5 Nd5 26. Qg4 Rd7 27. Qe4 Ne7 28. Qe2 Qd8 29. Kf1 Ng6 30. Ke1 Rd5 31. g3 Qg5 32. h4 Qd8 33. f4 Ne7 34. Nf2 Nf5 35. Ne4 Qb6 36. Rxd5 exd5 37. Nf6+ Kh8 38. Qd3 Qg1+ 39. Kd2 g6 40. h5 Qf2+ 41. Kc1 Qe1+ 42. Kc2 a4 43. Ng4 Kg7 44. hxg6 fxg6 45. Qf3 h5 46. Nf6 Ne3+ 47. Kd3 Nc4 48. Qg2 Qd1+ 0-1

[Event "BRA-ch U18"]
[Site "Sao Paulo"]
[Date "2018.03.30"]
[Round "2"]
[White "Oliveira, Danyel Angelo Aquin"]
[Black "Maba, Mateus dos Passos"]
[Result "0-1"]
[WhiteElo "1777"]
[BlackElo "1660"]
[PlyCount "92"]
[EventDate "2018.03.29"]
[EventType "swiss"]
[EventRounds "6"]
[EventCountry "BRA"]
[SourceTitle "EXT 2019"]
[Source "ChessBase"]
[SourceDate "2018.10.10"]
[SourceVersion "1"]
[SourceVersionDate "2018.10.10"]
[SourceQuality "1"]

1. d4 Nf6 2. Nf3 c5 3. d5 e6 4. c4 b5 5. dxe6 fxe6 6. cxb5 d5 7. e3 Be7 8. Be2 0-0 9. 0-0 Nbd7 10. Nc3 Bb7 11. b3 e5 12. e4 d4 13. Bc4+ Kh8 14. Ng5 dxc3 15. Ne6 Qb6 16. Nxf8 Rxf8 17. f3 Qa5 18. Be3 Nb6 19. Be2 Na8 20. a4 Nc7 21. Bc4 Bc8 22. Qc2 Ne6 23. Bxe6 Bxe6 24. Rfc1 Rd8 25. Qxc3 Rd1+ 26. Kf2 Qxc3 27. Rxc3 Rxa1 28. Bxc5 Bxc5+ 29. Rxc5 Bxb3 30. Rxe5 Bxa4 31. g4 Rb1 32. Re7 Bxb5 33. Rxa7 h6 34. e5 Nd5 35. Kg3 g5 36. Rb7 Rg1+ 37. Kf2 Rf1+ 38. Kg3 Be2 39. Rf7 Nf4 40. h4 Rxf3+ 41. Kh2 Rh3+ 42. Kg1 Rxh4 43. Ra7 Rxg4+ 44. Kh2 Rg2+ 45. Kh1 Bf3 46. Ra3 Bd5 0-1

[Event "BRA-ch Amateur U1800"]
[Site "Sao Paulo"]
[Date "2017.10.14"]
[Round "6"]
[White "Nobre, Jose Adalberto Barb"]
[Black "Oliveira, Danyel Angelo Aquin"]
[Result "1-0"]
[WhiteElo "1624"]
[BlackElo "1764"]
[PlyCount "151"]
[EventDate "2017.10.12"]
[EventType "swiss"]
[EventRounds "7"]
[EventCountry "BRA"]
[SourceTitle "EXT 2019"]
[Source "ChessBase"]
[SourceDate "2018.10.10"]
[SourceVersion "1"]
[SourceVersionDate "2018.10.10"]
[SourceQuality "1"]

1. e4 c6 2. d4 d5 3. Nc3 dxe4 4. Nxe4 Nd7 5. Ne2 Ngf6 6. N2c3 e6 7. Bf4 Qa5 8. Qd2 Nxe4 9. Nxe4 Qd5 10. Bd3 Qxd4 11. 0-0-0 Nc5 12. Nxc5 Bxc5 13. Be3 Qb4 14. Bxc5 Qxc5 15. Bxh7 Qe7 16. Bd3 Bd7 17. h3 0-0-0 18. Rhe1 c5 19. Qa5 Bc6 20. Qxa7 Bxg2 21. Re5 Bd5 22. Bb5 Qc7 23. Re3 Rde8 24. Ra3 f6 25. Qa4 g5 26. Kb1 Rh4 27. c4 Qb8 28. Qb3 Be4+ 29. Ka1 Rd8 30. Rxd8+ Kxd8 31. Qd1+ Ke7 32. Qd7+ Kf8 33. Qxe6 Qd8 34. Ra8 Qxa8 35. Qxf6+ Kg8 36. Qxg5+ Kf7 37. Qxh4 Bg6 38. Qf4+ Ke6 39. Qc7 Qh8 40. Bd7+ Ke7 41. Bg4+ Kf6 42. Qd6+ Kf7 43. Qe6+ Kg7 44. Qe7+ Kh6 45. Qh4+ Kg7 46. Qxh8+ Kxh8 47. f4 Bf7 48. b3 Kg7 49. Kb2 Kf6 50. Ka3 b6 51. Kb2 Be8 52. Kc3 Bc6 53. b4 Be4 54. bxc5 bxc5 55. a4 Bc6 56. a5 Bb7 57. h4 Ke7 58. Kd3 Kf6 59. Ke3 Ba6 60. Be2 Bb7 61. Bf3 Bc8 62. Bd5 Kf5 63. h5 Ba6 64. Be4+ Kf6 65. Kf3 Kg7 66. Bd3 Bb7+ 67. Kg4 Kh6 68. f5 Bc8 69. Be4 Ba6 70. Bd5 Bc8 71. Be6 Bb7 72. f6 Ba6 73. f7 Kg7 74. Kg5 Bb7 75. h6+ Kf8 76. h7 1-0

[Event "BRA-ch U20"]
[Site "Icara"]
[Date "2016.06.24"]
[Round "2"]
[White "Donato, Mauricio Fagundes"]
[Black "Oliveira, Danyel Angelo Aquin"]
[Result "0-1"]
[WhiteElo "1849"]
[BlackElo "1736"]
[PlyCount "44"]
[EventDate "2016.06.23"]
[EventType "swiss"]
[EventRounds "7"]
[EventCountry "BRA"]
[SourceTitle "EXT 2017"]
[Source "ChessBase"]
[SourceDate "2016.10.25"]
[SourceVersion "1"]
[SourceVersionDate "2016.10.25"]
[SourceQuality "1"]

1. f4 d5 2. Nf3 c5 3. e3 Bg4 4. d4 Nf6 5. c3 Nc6 6. Be2 Bxf3 7. Bxf3 e6 8. Qb3 Qd7 9. Nd2 Bd6 10. Qb5 a6 11. Qe2 cxd4 12. cxd4 0-0 13. a3 Rfc8 14. g4 Bxf4 15. 0-0 Bd6 16. g5 Ne8 17. Qg2 g6 18. h4 Ng7 19. Qh3 Nf5 20. Kf2 Bg3+ 21. Ke2 Ncxd4+ 22. exd4 Qb5+ 0-1

[Event "BRA-ch U16"]
[Site "Itajai"]
[Date "2016.06.11"]
[Round "5"]
[White "Oliveira, Danyel Angelo Aquin"]
[Black "Dickel, Henrique de Oliveir"]
[Result "1-0"]
[WhiteElo "1736"]
[BlackElo "1897"]
[PlyCount "101"]
[EventDate "2016.06.09"]
[EventType "swiss"]
[EventRounds "6"]
[EventCountry "BRA"]
[SourceTitle "CBM 172 Extra"]
[Source "ChessBase"]
[SourceDate "2016.06.21"]
[SourceVersion "1"]
[SourceVersionDate "2016.06.21"]
[SourceQuality "1"]

1. e4 c5 2. Nf3 d6 3. Bb5+ Bd7 4. Bxd7+ Qxd7 5. 0-0 Nf6 6. Qe2 Nc6 7. c3 e6 8. Rd1 Be7 9. d4 cxd4 10. cxd4 0-0 11. Nc3 a6 12. d5 Ne5 13. dxe6 Qxe6 14. Nd4 Qd7 15. f4 Nc6 16. Nf3 Qc7 17. Be3 b5 18. Rac1 Qb7 19. Nd5 Rac8 20. Nxf6+ Bxf6 21. Rxd6 Nb4 22. Rxc8 Rxc8 23. e5 Be7 24. Rd1 Qe4 25. Qd2 Rc2 26. Qd4 Qg6 27. Ne1 Rc4 28. Qd8+ Bf8 29. Qd2 Nc2 30. b3 Nxe3 31. Qxe3 Re4 32. Qf3 Qb6+ 33. Kf1 Re3 34. Qd5 Rc3 35. Qd4 Qc6 36. Qd5 Qh6 37. Qd4 Rc8 38. Kg1 Qc6 39. Qd3 h6 40. h3 Qb6+ 41. Kh2 Qf2 42. Qd2 Qb6 43. Nf3 Bc5 44. Qd7 Rf8 45. f5 Qb8 46. Kh1 Qa8 47. Rd5 Bb6 48. e6 fxe6 49. Qxe6+ Kh7 50. Qg6+ Kh8 51. Rd7 1-0